| 000 | 00488nam a22001697a 4500 | ||
|---|---|---|---|
| 999 |
_c164783 _d164783 |
||
| 005 | 20190527125838.0 | ||
| 010 | _aB-217281 | ||
| 020 |
_a8185002568 _c295.00 |
||
| 035 | _a217281 | ||
| 037 | _bPromilla {And} CO., Publishers | ||
| 082 | _a613 | ||
| 100 | _aGupta, Prabha | ||
| 245 |
_aLife Without Worries {AND} illness / _cPrabha Gupta |
||
| 260 |
_aNew Delhi _bPromilla {And} CO., Publishers _c2006 |
||
| 300 |
_a323p _c22cm (hbk) |
||
| 942 |
_2ddc _cEN _h613 _mGUP |
||